<?xml version="1.0" encoding="UTF-8"?>
<record
    xmlns:xsi="http://www.w3.org/2001/XMLSchema-instance"
    xsi:schemaLocation="http://www.loc.gov/MARC21/slim http://www.loc.gov/standards/marcxml/schema/MARC21slim.xsd"
    xmlns="http://www.loc.gov/MARC21/slim">

  <leader>00496nam a22001577a 4500</leader>
  <controlfield tag="003">OSt</controlfield>
  <controlfield tag="005">20150908111023.0</controlfield>
  <controlfield tag="008">150908b        xxu||||| |||| 00| 0 eng d</controlfield>
  <datafield tag="040" ind1=" " ind2=" ">
    <subfield code="c">RUA</subfield>
  </datafield>
  <datafield tag="082" ind1=" " ind2=" ">
    <subfield code="a">AGR &#x17A0;&#x17C1;&#x1784; 1992 B005 Or.1</subfield>
  </datafield>
  <datafield tag="100" ind1=" " ind2=" ">
    <subfield code="9">142</subfield>
    <subfield code="a">&#x17A0;&#x17C1;&#x1784; &#x179F;&#x17BB;&#x1782;&#x1793;&#x17D2;&#x1792;&#x17B6;</subfield>
  </datafield>
  <datafield tag="245" ind1=" " ind2=" ">
    <subfield code="a">&#x179F;&#x17D2;&#x1798;&#x17C5;&#x1785;&#x1784;&#x17D2;&#x179A;&#x17C3;&#x1780;&#x17D2;&#x1793;&#x17BB;&#x1784;&#x179F;&#x17D2;&#x179A;&#x17C2;&#x179C;&#x179F;&#x17D2;&#x179F;&#x17B6; &#x1793;&#x17C5;&#x1797;&#x17BC;&#x1798;&#x17B7;&#x179F;&#x17D2;&#x179A;&#x17C2;&#x17A2;&#x17C6;&#x1794;&#x17B7;&#x179B;</subfield>
  </datafield>
  <datafield tag="260" ind1=" " ind2=" ">
    <subfield code="a">Phnom Penh</subfield>
    <subfield code="b">RUA</subfield>
    <subfield code="c">1992</subfield>
  </datafield>
  <datafield tag="300" ind1=" " ind2=" ">
    <subfield code="a">81p.</subfield>
    <subfield code="b">ill.</subfield>
    <subfield code="c">29cm.</subfield>
  </datafield>
  <datafield tag="942" ind1=" " ind2=" ">
    <subfield code="2">ddc</subfield>
    <subfield code="c">AGR</subfield>
  </datafield>
  <datafield tag="999" ind1=" " ind2=" ">
    <subfield code="c">124</subfield>
    <subfield code="d">124</subfield>
  </datafield>
  <datafield tag="952" ind1=" " ind2=" ">
    <subfield code="0">0</subfield>
    <subfield code="1">0</subfield>
    <subfield code="2">ddc</subfield>
    <subfield code="4">0</subfield>
    <subfield code="6">AGR_&#x17A0;&#x17C1;&#x1784;_1992_000000000000000_B005_OR_1</subfield>
    <subfield code="7">0</subfield>
    <subfield code="9">341</subfield>
    <subfield code="a">LBB</subfield>
    <subfield code="b">LBB</subfield>
    <subfield code="c">B005</subfield>
    <subfield code="d">2015-09-08</subfield>
    <subfield code="o">AGR &#x17A0;&#x17C1;&#x1784; 1992 B005 Or.1</subfield>
    <subfield code="p">RUA004025</subfield>
    <subfield code="r">2015-09-08</subfield>
    <subfield code="w">2015-09-08</subfield>
    <subfield code="y">AGR</subfield>
  </datafield>
  <datafield tag="952" ind1=" " ind2=" ">
    <subfield code="0">0</subfield>
    <subfield code="1">0</subfield>
    <subfield code="2">ddc</subfield>
    <subfield code="4">0</subfield>
    <subfield code="6">AGR_&#x17A0;&#x17C1;&#x1784;_1992_000000000000000_B005_OR_2</subfield>
    <subfield code="7">0</subfield>
    <subfield code="9">342</subfield>
    <subfield code="a">LBB</subfield>
    <subfield code="b">LBB</subfield>
    <subfield code="c">B005</subfield>
    <subfield code="d">2015-09-08</subfield>
    <subfield code="o">AGR &#x17A0;&#x17C1;&#x1784; 1992 B005 Or.2</subfield>
    <subfield code="p">RUA004181</subfield>
    <subfield code="r">2015-09-08</subfield>
    <subfield code="w">2015-09-08</subfield>
    <subfield code="y">AGR</subfield>
  </datafield>
  <datafield tag="952" ind1=" " ind2=" ">
    <subfield code="0">0</subfield>
    <subfield code="1">0</subfield>
    <subfield code="2">ddc</subfield>
    <subfield code="4">0</subfield>
    <subfield code="6">AGR_&#x17A0;&#x17C1;&#x1784;_1992_000000000000000_B005_OR_3</subfield>
    <subfield code="7">0</subfield>
    <subfield code="9">343</subfield>
    <subfield code="a">LBB</subfield>
    <subfield code="b">LBB</subfield>
    <subfield code="c">B005</subfield>
    <subfield code="d">2015-09-08</subfield>
    <subfield code="o">AGR &#x17A0;&#x17C1;&#x1784; 1992 B005 Or.3</subfield>
    <subfield code="p">RUA004324</subfield>
    <subfield code="r">2015-09-08</subfield>
    <subfield code="w">2015-09-08</subfield>
    <subfield code="y">AGR</subfield>
  </datafield>
  <datafield tag="952" ind1=" " ind2=" ">
    <subfield code="0">0</subfield>
    <subfield code="1">0</subfield>
    <subfield code="2">ddc</subfield>
    <subfield code="4">0</subfield>
    <subfield code="6">AGR_&#x17A0;&#x17C1;&#x1784;_1992_000000000000000_B005_OR_4</subfield>
    <subfield code="7">0</subfield>
    <subfield code="9">344</subfield>
    <subfield code="a">LBB</subfield>
    <subfield code="b">LBB</subfield>
    <subfield code="c">B005</subfield>
    <subfield code="d">2015-09-08</subfield>
    <subfield code="o">AGR &#x17A0;&#x17C1;&#x1784; 1992 B005 Or.4</subfield>
    <subfield code="p">RUA004396</subfield>
    <subfield code="r">2015-09-08</subfield>
    <subfield code="w">2015-09-08</subfield>
    <subfield code="y">AGR</subfield>
  </datafield>
  <datafield tag="952" ind1=" " ind2=" ">
    <subfield code="0">0</subfield>
    <subfield code="1">0</subfield>
    <subfield code="2">ddc</subfield>
    <subfield code="4">0</subfield>
    <subfield code="6">AGR_&#x17A0;&#x17C1;&#x1784;_1992_000000000000000_B005_OR_5</subfield>
    <subfield code="7">0</subfield>
    <subfield code="9">345</subfield>
    <subfield code="a">LBB</subfield>
    <subfield code="b">LBB</subfield>
    <subfield code="c">B005</subfield>
    <subfield code="d">2015-09-08</subfield>
    <subfield code="l">1</subfield>
    <subfield code="o">AGR &#x17A0;&#x17C1;&#x1784; 1992 B005 Or.5</subfield>
    <subfield code="p">RUA004468</subfield>
    <subfield code="r">2016-03-10</subfield>
    <subfield code="s">2016-03-01</subfield>
    <subfield code="w">2015-09-08</subfield>
    <subfield code="y">AGR</subfield>
  </datafield>
  <datafield tag="952" ind1=" " ind2=" ">
    <subfield code="0">0</subfield>
    <subfield code="1">0</subfield>
    <subfield code="2">ddc</subfield>
    <subfield code="4">0</subfield>
    <subfield code="6">AGR_&#x17A0;&#x17C1;&#x1784;_1992_000000000000000_B005_OR_6</subfield>
    <subfield code="7">0</subfield>
    <subfield code="9">346</subfield>
    <subfield code="a">LBB</subfield>
    <subfield code="b">LBB</subfield>
    <subfield code="c">B005</subfield>
    <subfield code="d">2015-09-08</subfield>
    <subfield code="o">AGR &#x17A0;&#x17C1;&#x1784; 1992 B005 Or.6</subfield>
    <subfield code="p">RUA004114</subfield>
    <subfield code="r">2015-09-08</subfield>
    <subfield code="w">2015-09-08</subfield>
    <subfield code="y">AGR</subfield>
  </datafield>
  <datafield tag="952" ind1=" " ind2=" ">
    <subfield code="0">0</subfield>
    <subfield code="1">0</subfield>
    <subfield code="2">ddc</subfield>
    <subfield code="4">0</subfield>
    <subfield code="6">AGR_&#x17A0;&#x17C1;&#x1784;_1992_000000000000000_B005_OR_7</subfield>
    <subfield code="7">0</subfield>
    <subfield code="9">347</subfield>
    <subfield code="a">LBB</subfield>
    <subfield code="b">LBB</subfield>
    <subfield code="c">B005</subfield>
    <subfield code="d">2015-09-08</subfield>
    <subfield code="o">AGR &#x17A0;&#x17C1;&#x1784; 1992 B005 Or.7</subfield>
    <subfield code="p">RUA004030</subfield>
    <subfield code="r">2015-09-08</subfield>
    <subfield code="w">2015-09-08</subfield>
    <subfield code="y">AGR</subfield>
  </datafield>
  <datafield tag="952" ind1=" " ind2=" ">
    <subfield code="0">0</subfield>
    <subfield code="1">0</subfield>
    <subfield code="2">ddc</subfield>
    <subfield code="4">0</subfield>
    <subfield code="6">AGR_&#x17A0;&#x17C1;&#x1784;_1992_000000000000000_B005_OR_8</subfield>
    <subfield code="7">0</subfield>
    <subfield code="9">349</subfield>
    <subfield code="a">LBB</subfield>
    <subfield code="b">LBB</subfield>
    <subfield code="c">B005</subfield>
    <subfield code="d">2015-09-08</subfield>
    <subfield code="o">AGR &#x17A0;&#x17C1;&#x1784; 1992 B005 Or.8</subfield>
    <subfield code="p">RUA004186</subfield>
    <subfield code="r">2015-09-08</subfield>
    <subfield code="w">2015-09-08</subfield>
    <subfield code="y">AGR</subfield>
  </datafield>
  <datafield tag="952" ind1=" " ind2=" ">
    <subfield code="0">0</subfield>
    <subfield code="1">0</subfield>
    <subfield code="2">ddc</subfield>
    <subfield code="4">0</subfield>
    <subfield code="6">AGR_&#x17A0;&#x17C1;&#x1784;_1992_000000000000000_B005_OR_9</subfield>
    <subfield code="7">0</subfield>
    <subfield code="9">430</subfield>
    <subfield code="a">LBB</subfield>
    <subfield code="b">LBB</subfield>
    <subfield code="c">B005</subfield>
    <subfield code="d">2015-09-08</subfield>
    <subfield code="o">AGR &#x17A0;&#x17C1;&#x1784; 1992 B005 Or.9</subfield>
    <subfield code="p">RUA005535</subfield>
    <subfield code="r">2015-09-08</subfield>
    <subfield code="w">2015-09-08</subfield>
    <subfield code="y">AGR</subfield>
  </datafield>
</record>
